Sirena Selena /
Guardat en:
| Autor principal: | |
|---|---|
| Altres autors: | |
| Format: | Llibre |
| Idioma: | italià |
| Publicat: |
Milano :
M. Tropea,
[2000]
|
| Col·lecció: | Le gaggie
|
| Etiquetes: |
Sense etiquetes, Sigues el primer a etiquetar aquest registre!
|
MARC
| LEADER | 00000nam a22000007i 4500 | ||
|---|---|---|---|
| 001 | IT\ICCU\CAG\0070482 | ||
| 003 | ItRI | ||
| 005 | 20260115231912.0 | ||
| 008 | 000605s2000 it |||||| ||||| |||||c | ||
| 015 | |2 IT |a 2001-1998 | ||
| 020 | |a 8843802631 | ||
| 040 | |b ita |c importazione bologna sebina | ||
| 041 | 7 | |a ita |2 ISO-639-2 | |
| 082 | |a 863.64 |9 NARRATIVA SPAGNOLA, 1945-1999 |2 21 | ||
| 100 | 1 | |a Santos-Febres, Mayra |0 IT\ICCU\CAGV\023102 |4 aut | |
| 240 | 1 | 0 | |a Sirena Selena vestida de pena. |3 IT\ICCU\UBO\1060176 |9 Santos-Febres, Mayra |
| 245 | 1 | 0 | |a Sirena Selena / |c Mayra Santos-Febres ; traduzione di Silvia Sichel. |
| 260 | |a Milano : |b M. Tropea, |c [2000] | ||
| 300 | |a 221 p. ; |c 22 cm | ||
| 700 | 1 | |a Sichel, Silvia |0 IT\ICCU\MILV\157389 | |
| 830 | 3 | |a Le gaggie |0 IT\ICCU\RAV\0266305 | |
| 942 | |2 ddc |c BK |n 0 | ||
| 952 | |0 0 |1 0 |4 0 |6 T_863_640000000000000_SAN |7 0 |9 15902 |a BO |b BO |d 2026-01-15 |i 18230 |l 0 |o T 863.64 SAN |p BO18230 |r 2026-01-15 23:19:12 |w 2026-01-15 |x [Sebina 5] [1 v.] |y BK |z 1 v. | ||
| 999 | |c 13667 |d 13667 | ||